Statistics for Top 150 biggest countries by population

Click here to take the quiz!

General Stats

  • This quiz has been taken 42 times
  • The average score is 104 of 150

Answer Stats

AnswerHint% Correct
China2
97%
India1
97%
Indonesia4
87%
Brazil7
83%
Canada38
83%
Mexico10
83%
Pakistan5
83%
Australia55
80%
Bangladesh8
80%
Egypt14
80%
Iran17
80%
Japan12
80%
Malaysia46
80%
Mongolia132
80%
Thailand20
80%
United Kingdom21
80%
Vietnam16
80%
Argentina33
77%
Cuba85
77%
France23
77%
Georgia131
77%
Germany19
77%
Guatemala70
77%
Iraq35
77%
Italy25
77%
Kazakhstan66
77%
Kenya26
77%
Niger54
77%
Nigeria6
77%
North Korea56
77%
Philippines13
77%
Russia9
77%
South Korea29
77%
Austria100
73%
Belgium81
73%
Bolivia80
73%
Colombia28
73%
Democratic Republic of the congo15
73%
Ethiopia11
73%
Finland117
73%
Greece91
73%
Haiti82
73%
Israel98
73%
Laos103
73%
Morocco39
73%
Netherlands72
73%
Norway118
73%
Poland37
73%
Romania64
73%
Saudi Arabia40
73%
Slovakia115
73%
South Africa24
73%
Spain32
73%
Sweden87
73%
Turkey18
73%
Ukraine41
73%
Venezuela52
73%
Afghanistan36
70%
Albania136
70%
Armenia138
70%
Azerbaijan90
70%
Cameroon53
70%
Chile65
70%
Croatia129
70%
Denmark114
70%
Dominican Republic84
70%
Ecuador68
70%
Ghana47
70%
Honduras88
70%
Ireland124
70%
Libya106
70%
Madagascar50
70%
Nepal49
70%
New Zealand122
70%
Paraguay107
70%
Peru45
70%
Portugal93
70%
Republic Of The Congo112
70%
Serbia104
70%
Singapore113
70%
Somalia69
70%
Switzerland101
70%
Uruguay134
70%
Uzbekistan43
70%
Yemen44
70%
Angola42
67%
Botswana142
67%
Bulgaria109
67%
Cambodia73
67%
Central African Republic116
67%
Czechia89
67%
El Salvador111
67%
Hungary95
67%
Ivory Coast51
67%
Jamaica137
67%
Latvia149
67%
Malawi62
67%
Mali58
67%
Myanmar27
67%
Panama127
67%
Papua New Guinea92
67%
Senegal71
67%
Slovenia147
67%
Sudan31
67%
Taiwan57
67%
Tanzania22
67%
Uganda30
67%
Zimbabwe74
67%
Algeria34
63%
Belarus97
63%
Bosnia135
63%
Chad67
63%
Costa Rica123
63%
Guinea75
63%
Jordan83
63%
Lebanon121
63%
Lithuania140
63%
Moldova133
63%
Nicaragua105
63%
Oman126
63%
Qatar141
63%
Rwanda76
63%
South Sudan86
63%
Sri Lanka61
63%
Tajikistan94
63%
Tunisia79
63%
Turkmenistan110
63%
Zambia63
63%
America3
60%
Burkina Faso59
60%
Eritrea130
60%
Kuwait128
60%
Kyrgyzstan108
60%
Mauritania125
60%
Namibia143
60%
North Macedonia148
60%
Sierra Leone102
60%
Syria60
60%
Gabon144
57%
Gambia139
57%
Lesotho145
57%
Liberia119
57%
United Arab Emirates96
57%
Benin77
53%
Burundi78
53%
Guinea-Bissau146
53%
Mozambique48
53%
Palestine120
50%
Togo99
50%
Equatorial Guinea150
37%

Score Distribution

Percentile by Number Answered

Percent of People with Each Score

Your Score History

You have not taken this quiz